Normal view
MARC view
Entry Topical Term
001 - CONTROL NUMBER
- control field: 6789
003 - CONTROL NUMBER IDENTIFIER
- control field: BD-RjUL
005 - DATE AND TIME OF LATEST TRANSACTION
- control field: 20230131144110.0
008 - FIXED-LENGTH DATA ELEMENTS
- fixed length control field: 230131|| aca||aabn | a|a d
040 ## - CATALOGING SOURCE
- Original cataloging agency: BD-RjUL
- Transcribing agency: BD-RjUL
150 ## - HEADING--TOPICAL TERM
- Topical term or geographic name entry element: Islamic civilization
- Form subdivision: History
670 ## - SOURCE DATA FOUND
- Source citation: Work cat.: (BD-RjUL)81150: Amīn, Aḥmad, أمين، أحمد 1886-1954 6788, ضحى الإسلام. الجزء الثاني / Ḍuḥá al-Islām. al-Juzʼ al-thānī /